000 00912nam a2200253Ia 4500
003 OSt
005 20220923220643.0
006 a|||||r|||| 00| 0
007 ta
008 220922b |||||||| |||| 00| 0 hin d
024 _a188,609
037 _cTextual
040 _aARTS
_cARTS
_bhin
041 _2hin
_ahin
082 _aO152,2M50w, N1
100 _aमदन गोपाल
245 0 _aभारतेन्दु हरिश्चन्द्र, अनु दामोदर अग्रवाल
246 _aBhāratendu harishchandra, anu0 dāmodar agravāla
260 _aनई दिल्ली
_b साहित्य अकादेमी
_c1991
300 _a65 पृ.
_ccm.
490 _aभारतीय साहित्य के निर्माता
942 _hO152,2M50w, N1
_cTEXL
_2CC
999 _c341526
_d341526